Διασπορά - δίκτυα - διαφωτισμός
Αποθηκεύτηκε σε:
| Συγγραφή απο Οργανισμό/Αρχή: | |
|---|---|
| Άλλοι συγγραφείς: | , |
| Μορφή: | Βιβλίο |
| Γλώσσα: | Greek |
| Δημοσίευση: |
Αθήνα :
Κέντρο Νεοελληνικών Ερευνών Εθνικού Ιδρύματος Ερευνών,
2005.
|
| Σειρά: | Τετράδια εργασίας ;
v.28 |
| Θέματα: | |
| Ετικέτες: |
Προσθήκη ετικέτας
Δεν υπάρχουν, Καταχωρήστε ετικέτα πρώτοι!
|
MARC
| LEADER | 00000cam a2200000 i 4500 | ||
|---|---|---|---|
| 001 | 1/45358 | ||
| 008 | 070601s2005 gr | ||| |||| ||gre|| | ||
| 020 | |z 1105084528 | ||
| 035 | |l 10088098 | ||
| 040 | |a GR-MY-UA |b gre |e aacr | ||
| 041 | 0 | |a gre | |
| 082 | 7 | |a 305.8 |2 (22) | |
| 110 | 2 | |a Εθνικό Ιδρυμα Ερευνών. |b Ινστιτούτο Νεοελληνικών Ερευνών. | |
| 245 | 1 | 0 | |a Διασπορά - δίκτυα - διαφωτισμός / |c Κέντρο Νεοελληνικών Ερευνών Εθνικού Ιδρύματος Ερευνών ; επιμέλεια: Μαρία Α. Στασινοπούλου, Μαρία-Χριστίνα Χατζηϊωάννου. |
| 260 | |a Αθήνα : |b Κέντρο Νεοελληνικών Ερευνών Εθνικού Ιδρύματος Ερευνών, |c 2005. | ||
| 300 | |a 166 σ. : |b 1 χάρτης ; |c 24 εκ. | ||
| 490 | 1 | |a (Τετράδια εργασίας ; |v vol.28) | |
| 504 | |a Περιέχει βιβλιογραφικές παραπομπές και ευρετήριο. | ||
| 650 | 0 | 0 | |a Minorities |z Balkan Peninsula. |
| 650 | 0 | 0 | |a Ethnicity |z Balkan Peninsula. |
| 650 | 0 | 0 | |a Ethnic conflict |z Balkan Peninsula. |
| 651 | 0 | |a Balkan Peninsula |x History |y 18th century. | |
| 651 | 0 | |a Balkan Peninsula |x History |y 19th century. | |
| 700 | 1 | |a Στασινοπούλου, Μαρία Αντ. |e edtf | |
| 700 | 1 | |a Χατζηιωάννου, Μαρία Χριστίνα, |d 1955- |e edtf | |
| 830 | 0 | |a Τετράδια εργασίας ; |v v.28 | |
| 852 | |a INST |b LESVOS |e 20070601 |h 305.8 ΚΕΝ |p 005100038293 |q 005100038293 |t BK |y 0 | ||
| 852 | |a INST |b LESVOS |e 20071004 |h 305.8 ΚΕΝ |p 005100041007 |q 005100041007 |t BK |y 0 | ||
| 852 | |a INST |b RHODES |e 20071030 |h 305.8 ΚΕΝ |p 005400025198 |q 005400025198 |t BK |y 0 | ||
| 901 | |a BIBL1-2007-3 | ||
| 901 | |a BIBL1-2007-2 | ||
| 909 | |a Λ |b 132885 | ||
| 909 | |a Λ |b 139109 | ||
| 909 | |a Ρ |b 136647 | ||
| 922 | |a 1ΕΛΗ |b 200708 |c ΕΠΕΑΕΚ2/ΤΚΑ |d Σ. ΠΑΤΑΚΗΣ | ||
| 922 | |a 4ΕΛΗ |b 200707 |c ΕΠΕΑΕΚ2/ΠΤΔΕ |d Σ. ΠΑΤΑΚΗΣ | ||
| 970 | |a ΒΑΡΚΑ |b ΕΛΕΥΘΕΡΙΑ |z 2007/06/01 | ||